Instituciones del derecho natural y de gentes

Сохранить в:
Библиографические подробности
Главный автор: Renneval, Gerard de (Автор)
Формат:
Язык:испанский
Опубликовано: París Casa de Masson 1825
Предметы:
Метки: Добавить метку
Нет меток, Требуется 1-ая метка записи!

MARC

LEADER 00000nam a2200000 a 4500
001 UCL1063
003 CL-VaPUC
008 030829e18250000FR |||||||||||||||||spa|d
082 0 4 |a 340.11  |b REN  |2 21 
100 0 |a Renneval, Gerard de  |e author  |9 477861 
245 1 0 |a Instituciones del derecho natural y de gentes 
300 |a v 
942 |c BK 
945 |d 20030829 00:00:00  |a cmena 
260 |a París  |b Casa de Masson  |c 1825 
650 0 |a Derecho natural   |9 255041 
650 0 |a Filosofía del derecho   |9 255050 
650 0 |a Derechos humanos  |9 223025 
583 |a last modification  |c 20030829 00:00:00  |k Rodrigo Vera 
999 |c 304745  |d 304743 
952 |0 0  |1 0  |4 0  |6 340_110000000000000_REN_1825  |7 0  |8 DER_HIS  |9 367455  |a BIBDER  |b BIBDER  |d 2019-11-21  |h v.1  |i 2040921  |o 340.11 REN 1825  |p 2040921  |r 2023-01-25  |w 2019-11-21  |x Ubicación 4to Piso  |y BK_X  |z Estos recursos deben solicitarse con anticipación  |k DER 
952 |0 0  |1 0  |4 0  |6 340_110000000000000_REN_1825  |7 0  |8 DER_HIS  |9 367456  |a BIBDER  |b BIBDER  |d 2019-11-21  |h v.2  |i 204093K  |o 340.11 REN 1825  |p 204093K  |r 2023-01-25  |w 2019-11-21  |x Ubicación 4to Piso  |y BK_X  |z Estos recursos deben solicitarse con anticipación  |k DER